Largest communities in Alberta - Statistics

General Stats
  • This quiz has been taken 83 times
  • The average score is 16 of 28
Answer Stats
Population Type of Municipality Answer % Correct
1,231,000 City (2015) Calgary
100%
878,000 City (2014) Edmonton
100%
100,900 City (2015) Red Deer
88%
84,900 City (2015) Lethbridge
82%
63,100 City (2015) Medicine Hat
82%
78,400 Urban Serv. Area (2015) Fort McMurray
77%
13,100 Town (2014) Canmore
72%
68,600 City (2015) Grande Prairie
70%
58,700 City (2015) Airdrie
68%
63,300 City (2014) St Albert
67%
29,400 City (2015) Leduc
63%
28,100 Town (2015) Okotoks
58%
19,800 City (2015) Lloydminster
57%
68,800 Urban Serv. Area (2015) Sherwood Park
53%
32,100 City (2015) Spruce Grove
53%
14,200 City (2015) Brooks
50%
18,100 City (2014) Camrose
50%
24,100 City (2015) Fort Saskatchewan
47%
23,100 Town (2015) Cochrane
45%
13,400 Town (2015) Strathmore
45%
18,500 City (2015) Chestermere
43%
15,800 City (2014) Cold Lake
38%
12,800 City (2014) Lacombe
38%
16,200 Town (2015) Stony Plain
38%
13,000 Town (2011) High River
35%
12,700 City (2014) Wetaskiwin
35%
16,800 Town (2015) Beaumont
25%
14,400 Town (2015) Sylvan lake
25%
No matching quizzes found
Score Distribution
Percent of People with Each Score
Percentile by Number Answered
Your Score History
You have not taken this quiz